1471 1743 1082 1965 1932 1221 1794 1969 1412 1688 1892 1835 1081 1886 1949 1081 1931 1177 1614 1886 1898 1011 1440 1278 1816 1945 1125 1239 1172 1293 1786 1541 1198 1729 1860 1357 1721 1449 1348 1013 1694 1872 1737 1026 1236 1031 1694 1738 1290 1705 1082 1908 1430 1965 1085 1942 1936 1599 1925 1582 1945 1181 1185 1531 1387 1625 1298 1272 1891 1506 1214 1755 1261 1822 1979 1345 1017 1563 1446 1677 1330 1302 1835 1356 1811 1701 1310 1174 1810 1756 1400 1712 1628 1619 1368 1908 1598 1326 1785 BCNSPRNW ULIB Ver.6.0+V

เปลี่ยนเป็นภาษาไทย

Change to English
 แสดงรายละเอียดบรรณานุกรม
  กลับหน้าหลัก

Brief Record : Get Marc (ISO 2709) : E-mail record : QR code < ปิดหน้าต่าง
LEADER : 00000nam 2200000uu 4500
001    13399123074
003     ULIB
008    140107s2551||||th 000 0 tha d
060  4 ^aWY18.2 ส845อ
100    ^aสุรีย์ ธรรมิกบวร.
245    ^aวิชาการพยาบาลผู้สูงอายุ/สุรีย์ ธรรมิกบวร และคนอื่นๆ.
246 0  เอกสารประกอบการทบทวนความรู้ วิชาการพยาบาลผู้สูงอายุ
250    ฉบับถ่ายสำเนา
260    เครือข่ายวิทยาลัยสังกัด สบช. ภาคตะวันออกเฉียงเหนือ^c2551
300    ^a64 หน้า.^bฉบับถ่ายสำเนา
650    ^aการพยาบาลผู้สูงอายุ.
945    ^p0^l0^i034265
945    ^p0^l0^i034266
945    ^p0^l0^i034267
945    ^p0^l0^i034268
945    ^p0^l0^i034269
945    ^p0^l0^i034270
945    ^p0^l0^i034271
945    ^p0^l0^i034272
945    ^p0^l0^i034273
945    ^p0^l0^i034274
999    ^aเกษร โพธิ์สุวรรณ
รายการนี้ยังไม่มีแท็ก
คุณยังไม่ได้ล็อกอิน คุณสามารถมีกิจกรรมร่วมกับเว็บไซต์ได้ แต่ต้องล็อกอินก่อน ::
  ล็อกอิน

รายการสื่อสารสนเทศ

ลำดับที่ ประเภท เลขเรียก/บาร์โค้ด สถานที่ สถานะ
1. Book การพยาบาล
หนังสือสำรอง
สถานะ=หนังสือสำรอง
WY18.2 ส845อ ฉ.1 
  Barcode: 034265
ห้องสมุดวิทยาเขตสวรรค์ประชารักษ์
►หนังสือทั่วไป
บนชั้น
Note:ฉบับถ่ายสำเนา
2. Book การพยาบาล
Book การพยาบาล
WY18.2 ส845อ ฉ.10 
  Barcode: 034274
ห้องสมุดวิทยาเขตสวรรค์ประชารักษ์
►หนังสือทั่วไป
บนชั้น
Note:ฉบับถ่ายสำเนา
3. Book การพยาบาล
Book การพยาบาล
WY18.2 ส845อ ฉ.2 
  Barcode: 034266
ห้องสมุดวิทยาเขตสวรรค์ประชารักษ์
►หนังสือทั่วไป
บนชั้น
Note:ฉบับถ่ายสำเนา
4. Book การพยาบาล
Book การพยาบาล
WY18.2 ส845อ ฉ.3 
  Barcode: 034267
ห้องสมุดวิทยาเขตสวรรค์ประชารักษ์
►หนังสือทั่วไป
บนชั้น
Note:ฉบับถ่ายสำเนา
5. Book การพยาบาล
Book การพยาบาล
WY18.2 ส845อ ฉ.4 
  Barcode: 034268
ห้องสมุดวิทยาเขตสวรรค์ประชารักษ์
►หนังสือทั่วไป
บนชั้น
Note:ฉบับถ่ายสำเนา
6. Book การพยาบาล
Book การพยาบาล
WY18.2 ส845อ ฉ.5 
  Barcode: 034269
ห้องสมุดวิทยาเขตสวรรค์ประชารักษ์
►หนังสือทั่วไป
บนชั้น
Note:ฉบับถ่ายสำเนา
7. Book การพยาบาล
Book การพยาบาล
WY18.2 ส845อ ฉ.6 
  Barcode: 034270
ห้องสมุดวิทยาเขตสวรรค์ประชารักษ์
►หนังสือทั่วไป
บนชั้น
Note:ฉบับถ่ายสำเนา
8. Book การพยาบาล
Book การพยาบาล
WY18.2 ส845อ ฉ.7 
  Barcode: 034271
ห้องสมุดวิทยาเขตสวรรค์ประชารักษ์
►หนังสือทั่วไป
บนชั้น
Note:ฉบับถ่ายสำเนา
9. Book การพยาบาล
Book การพยาบาล
WY18.2 ส845อ ฉ.8 
  Barcode: 034272
ห้องสมุดวิทยาเขตสวรรค์ประชารักษ์
►หนังสือทั่วไป
ถูกยืม กำหนดส่งวันที่ 8 มีนาคม 2567
  จอง
Note:ฉบับถ่ายสำเนา
10. Book การพยาบาล
Book การพยาบาล
WY18.2 ส845อ ฉ.9 
  Barcode: 034273
ห้องสมุดวิทยาเขตสวรรค์ประชารักษ์
►หนังสือทั่วไป
บนชั้น
Note:ฉบับถ่ายสำเนา

รายการใกล้เคียง
    ผู้แต่ง [สุรีย์ ธรรมิกบวร.]

    หัวเรื่อง [การพยาบาลผู้สูงอายุ.]

BibComment


ยังไม่เคยถูกคอมเมนท์

คอมเมนท์ทรัพยากรรายการนี้
  คอมเมนท์: วิชาการพยาบาลผู้..


 Copyright 2026. Bcnsprnw @Library